Detalles MARC
| 000 -LEADER |
| fixed length control field |
01115nam a2200229 a 4500 |
| 001 - CONTROL NUMBER |
| control field |
000029768 |
| 003 - CONTROL NUMBER IDENTIFIER |
| control field |
DO-SdBNP |
| 005 - DATE AND TIME OF LATEST TRANSACTION |
| control field |
20180305143459.0 |
| 008 - FIXED-LENGTH DATA ELEMENTS--GENERAL INFORMATION |
| fixed length control field |
110425s1995 dr 000 0 spa d |
| 040 ## - CATALOGING SOURCE |
| Original cataloging agency |
BNPHU |
| Language of cataloging |
spa |
| Transcribing agency |
BNPHU |
| 049 ## - LOCAL HOLDINGS (OCLC) |
| Holding library |
BPMSU |
| 092 ## - LOCALLY ASSIGNED DEWEY CALL NUMBER (OCLC) |
| Classification number |
xxxx |
| Item number |
M692 |
| 100 1# - MAIN ENTRY--PERSONAL NAME |
| Personal name |
Vicioso, Chiqui |
| Fuller form of name |
Luisa Sheresada Vicioso |
| 245 10 - TITLE STATEMENT |
| Title |
Módulo de capacitación en género / |
| Statement of responsibility, etc. |
Luisa Sheresada Vicioso. |
| 260 ## - PUBLICATION, DISTRIBUTION, ETC. (IMPRINT) |
| Place of publication, distribution, etc. |
Santo Domingo : |
| Name of publisher, distributor, etc. |
Publicación CIFD : |
| -- |
UNICEF, |
| Date of publication, distribution, etc. |
1995. |
| 300 ## - PHYSICAL DESCRIPTION |
| Extent |
v. ; |
| Dimensions |
26 cm. |
| 500 ## - GENERAL NOTE |
| General note |
La biblioteca posee el v. 3 |
| 505 0# - FORMATTED CONTENTS NOTE |
| Miscellaneous information |
Módulo 1 |
| Title |
De "mujer y desarrollo" "a mujer y género" --- |
| Statement of responsibility |
Danièle Brady -- |
| Miscellaneous information |
Módulo 2 |
| Title |
"La discriminación sexual como construcción social" -- |
| Statement of responsibility |
Eveline Pressoir -- |
| Miscellaneous information |
Módulo 3 |
| Title |
Trabajar no para las mujeres si no con ellas -- |
| Statement of responsibility |
Luisa Sherezada Vicioso Chiqui (Chiqui) -- |
| Miscellaneous information |
Módulo 4 |
| Title |
"la mujeres en contra de ellas mismas" -- |
| Statement of responsibility |
Eveline Pressoir -- |
| Miscellaneous information |
Módulo v. 5 |
| Title |
En busca de oportunidades iguales -- |
| Statement of responsibility |
Luisa Sherezada Vicioso Chiqui (Chiqui) -- |
| 942 ## - ADDED ENTRY ELEMENTS (KOHA) |
| Source of classification or shelving scheme |
Dewey Decimal Classification |
| Koha item type |
Libros |
| 945 ## - LOCAL PROCESSING INFORMATION (OCLC) |
| a |
Inventariado, 2018 /LP |
| 956 ## - LOCAL ELECTRONIC LOCATION AND ACCESS (OCLC) |
| Host name |
VMATEO |
| Access number |
10 |
| Compression information |
20170214 |
| Logon |
0069 |
| Processor of request |
BPMSU |